Выбор установок времени и формирование групп пуска двигателей установок добычи нефти. Оптимизация структуры и режимов работы сетей управления "Стрежевойэнергонефть": промежуточный отчет о НИР

Podrobná bibliografie
Korporativní autor: Томский политехнический институт
Další autoři: Слюсаренко С. Г. (исполнитель), Готман В. И.
Jazyk:ruština
Vydáno: Томск, Изд-во ТПИ, 1985
Témata:
Médium: MixedMaterials Kniha
KOHA link:https://koha.lib.tpu.ru/cgi-bin/koha/opac-detail.pl?biblionumber=113650

MARC

LEADER 00000nbm0a2200000 4500
001 113650
005 20231031121956.0
029 0 0 |a SU  |b 80040382  |f ТПУ 
035 |a (RuTPU)RU\TPU\book\122912 
090 |a 113650 
100 |a 20070413d1985 k y0rusy50 ca 
101 0 |a rus 
102 |a RU 
105 |a a p 000zy 
200 1 |a Выбор установок времени и формирование групп пуска двигателей установок добычи нефти. Оптимизация структуры и режимов работы сетей управления "Стрежевойэнергонефть"  |e промежуточный отчет о НИР  |f Томский политехнический институт ; исполн. исслед. С. Г. Слюсаренко ; В. И. Готман 
210 |a Томск  |c Изд-во ТПИ  |d 1985 
215 |a 173 л. 
229 |a Тема х/д 9-123/79 
610 1 |a нефть 
610 1 |a добыча 
610 1 |a установки 
610 1 |a отчеты 
610 1 |a нефтяные месторождения 
610 1 |a электродвигатели 
610 1 |a самозапуск 
610 1 |a селективность 
675 |a 622.323.012:659.26(04)  |v 3 
702 1 |a Слюсаренко  |b С. Г.  |4 595 
702 1 |a Готман  |b В. И.  |4 677 
712 0 2 |a Томский политехнический институт  |z 1944-1991  |2 stltpush  |3 (RuTPU)RU\TPU\col\1123 
801 1 |a RU  |b 63413507  |c 20070413  |g PSBO 
801 2 |a RU  |b 63413507  |c 20080325  |g PSBO 
942 |c BK